حقوق المتهم في التشريع الإسلامي : دراسة مقارنة مع القانون / (رقم التسجيلة. 116084)

تفاصيل مارك
000 -LEADER
fixed length control field 00674nam a22001937a 4500
005 - DATE AND TIME OF LATEST TRANSACTION
control field 20251108174717.0
008 - FIXED-LENGTH DATA ELEMENTS--GENERAL INFORMATION
fixed length control field 250721s2009 xx 000 0 ara d
020 ## - INTERNATIONAL STANDARD BOOK NUMBER
International Standard Book Number 9789957051617
082 14 - DEWEY DECIMAL CLASSIFICATION NUMBER
Classification number 216.94/نعي
100 1# - MAIN ENTRY--PERSONAL NAME
Personal name النعيمي، شهرزاد عبد الكريم
Relator term مؤلف
245 10 - TITLE STATEMENT
Title حقوق المتهم في التشريع الإسلامي : دراسة مقارنة مع القانون /
264 1# - PRODUCTION, PUBLICATION, DISTRIBUTION, MANUFACTURE, AND COPYRIGHT NOTICE
Place of production, publication, distribution, manufacture عمان :
Name of producer, publisher, distributor, manufacturer دار الضياء للنشر،
Date of production, publication, distribution, manufacture, or copyright notice 2009.
300 ## - PHYSICAL DESCRIPTION
Extent 328 ص.
650 17 - SUBJECT ADDED ENTRY--TOPICAL TERM
Topical term or geographic name as entry element الفقه الاسلامي
650 17 - SUBJECT ADDED ENTRY--TOPICAL TERM
Topical term or geographic name as entry element حقوق المتهمين
650 17 - SUBJECT ADDED ENTRY--TOPICAL TERM
Topical term or geographic name as entry element الشريعه الاسلاميه
942 ## - ADDED ENTRY ELEMENTS (KOHA)
Source of classification or shelving scheme Dewey Decimal Classification
Koha item type كتب
المقتنيات
حالة السحب حالة الفقدان مصدر التصنيف حالة التلف غير قابل للإعارة المكتبة الرئيسية المكتبة الحالية موقع الرف تاريخ التزويد الرقم المتسلسل Total Checkouts رقم الإستدعاء الباركود تاريخ آخر ظهور تاريخ الفاتورة نوع المادة (كوها)
    Dewey Decimal Classification     مكتبة أبو علندا العامة مكتبة أبو علندا العامة الإعارة 31/01/2009 1252614   216.94/نعي PLD00069176 28/07/2025 31/01/2009 كتب
    Dewey Decimal Classification     مكتبة مرج الحمام مكتبة مرج الحمام الإعارة 31/01/2009 1252617   216.94/نعي PLD00069179 28/07/2025 31/01/2009 كتب
Implemented & Customized by: BBB with SCIT (Smart Chains for Information Technology)

Powered by Koha